Chen Hansheng : China's last romantic revolutionary /

Chen Hansheng was not only a pioneer of modern Chinese social science, remembered for the village studies he organized by teams of researchers in the 1930s. He was also a political operative whose career as an underground and aboveground Communist activist spanned the twentieth century and the globe...

Full description

Bibliographic Details
Main Author: MacKinnon, Stephen R. (Author)
Format: Book
Language:English
Published: Hong Kong : The Chinese University of Hong Kong Press, [2023]
Subjects:

MARC

Tag First Indicator Second Indicator Subfields
LEADER 00000cam a2200000 i 4500
001 in00004770621
008 230406t20232023cc ac b 001 0beng d
005 20250318214959.8
020 |a 9789882372603 
020 |a 9882372600  |q hardback 
035 |a (OCoLC)on1378179936 
035 |a (OCoLC)1378179936 
040 |a CVU  |b eng  |e rda  |c CVU  |d OCLCF  |d TOH  |d NTU  |d OCLCO  |d IUL  |d YDX 
043 |a a-cc--- 
050 4 |a DS778.C5183  |b M33 2023 
050 4 |a CT3990.C435  |b M33 2023 
082 0 4 |a 951.05092  |2 23/eng/20231206 
100 1 |a MacKinnon, Stephen R.,  |e author. 
245 1 0 |a Chen Hansheng :  |b China's last romantic revolutionary /  |c Stephen R. MacKinnon. 
246 3 0 |a China's last romantic revolutionary 
264 1 |a Hong Kong :  |b The Chinese University of Hong Kong Press,  |c [2023] 
264 4 |c ©2023 
300 |a xviii, 445 pages :  |b illustrations, portraits ;  |c 24 cm 
336 |a text  |b txt  |2 rdacontent 
337 |a unmediated  |b n  |2 rdamedia 
338 |a volume  |b nc  |2 rdacarrier 
504 |a Includes bibliographical references (pages 403-431) and index. 
505 0 0 |g Introduction --  |t Elite roots --  |t Study abroad --  |t Baby professor and Peking University --  |t The activist is born, 1925-1927 --  |t Chen Hansheng and the Chinese peasant --  |t The other hat : political activism, 1929-1934 --  |t Tokyo and Moscow, 1934-1935 --  |t Institute of Pacific Relations, 1936-1939 --  |t Hong Kong and Industco, 1939-1942 --  |t Escape to Guilin and India, 1942-1946 --  |t Activism and scholarship on two fronts, 1946-1950 --  |t Bittersweet : PRC early years, 1951-1966 --  |t Surviving the Cultural Revolution with hope and despair, 1966-2004. 
520 |a Chen Hansheng was not only a pioneer of modern Chinese social science, remembered for the village studies he organized by teams of researchers in the 1930s. He was also a political operative whose career as an underground and aboveground Communist activist spanned the twentieth century and the globe. This book draws on unique interviews, beginning in 1979, with Chen himself, his family and associates, along with an exhaustive examination of documents, writings, and archives, to build a rounded portrait of Chen, the man, and his world. 
600 1 0 |a Chen, Hansheng,  |d 1897-2004. 
650 0 |a Scholars  |z China  |v Biography. 
650 0 |a Spies  |z China  |v Biography. 
651 0 |a China  |x Intellectual life  |y 20th century. 
651 0 |a China  |x History  |y 20th century. 
651 0 |a China  |x Foreign relations  |y 20th century. 
650 6 |a Savants  |0 (CaQQLa)201-0021018  |z Chine  |0 (CaQQLa)201-0476619  |v Biographies.  |0 (CaQQLa)201-0378258 
600 1 7 |a Chen, Hansheng,  |d 1897-2004  |2 fast  |0 (OCoLC)fst00056025 
650 7 |a Scholars  |2 fast  |0 (OCoLC)fst01106878 
651 7 |a China  |2 fast  |0 (OCoLC)fst01206073 
655 7 |a Biographies.  |2 lcgft 
655 7 |a Biographies  |2 fast  |0 (OCoLC)fst01919896 
852 8 |b pda,print  |z This title is available for the library to purchase for your use. Click the "Purchase It For Me" button to place a request. This item may take 5-10 business days to arrive. 
955 |a Print PDA title 
961 |m 565730 
999 f f |s a4870b66-ab53-4dba-a49e-30889dc9166b  |i cafcf44b-5a9d-4ec9-a191-980a39d25561  |t 0 
952 f f |a Texas A&M University  |b College Station  |c Sterling C. Evans Library  |d Purchase on Demand  |t 0  |e DS778.C5183 M33 2023  |h Library of Congress classification 
998 f f |a DS778.C5183 M33 2023  |t 0  |l Purchase on Demand